000 00763cab a2200229 4500
001 ABS56663
008 090401t1997 xxu||||| |||| 00| 0 eng d
035 _a(Sirsi) u77208
041 _aeng
100 _aCartlidge, D.
245 _aCross-border tendering in the EU for public works
260 _c1997
350 _a0
490 _aCSM (Chartered Surveyor Monthly)
_v6(6) March 1997, 29(1)
520 _aExamines research which highlights problems faced by UK contractors in EU states, and which aims to identify how British organisations might better exploit the European market.
650 _aEUROPEAN UNION
650 _aPUBLIC CONSTRUCTION CONTRACTS
650 _aTENDERING
690 _aBUILT ENVIRONMENT
942 _n0
948 _c19/03/1997
999 _c48530
_d48530